000 00819nam a2200205Ii 4500
003 JO-AjNU
008 230605s9999||||xx |||||||||||||| ||und||
040 _aJO-AjNU
_bara
_erda
_cJO-AjNU
041 _aara
050 1 4 _aDS308 2005
100 3 _aالشحف، فريد حاتم,
_eauthor
_917575
245 0 0 _aالعلاقات الروسية الإيرانية وأثرها على الخريطة الجيوسياسية في منطقة الخليج العربي ومنطقة آسيا الوسطى والقفقاس
250 _aط1
264 3 1 _aدمشق: دار الطليعة الجديدة، 2005
300 _a159ص
336 _atext
_btxt
_2rdacontent
337 _aunmediated
_bn
_2rdamedia
338 _avolume
_bnc
_2rdacarrier
650 4 _aالعلاقات الروسية الايرانية-تاريخ
_917576
999 _aA5456
_c9024
_d9024